000 00695nam a2200133Ia 4500
008 171212s9999 xx 000 0 und d
100 _aEngstrom, Erik
245 _cEngstrom, Erik
_aPartisan Gerrymandering and the Construction of American Democracy
260 _bUniversity of Michigan Press
_c2013
440 _aLegislative Politics And Policy Making
650 _aGerrymandering -- United States; Apportionment (Election law) -- United States; Election districts -- United States; Voting -- United States; Representative government and representation -- United States; United States -- Politics and government
650 _aPolitical Science
856 _uhttp://jstor.org/stable/j.ctt1gk086k
999 _c352999
_d352999